monkeykey - Statistics

General Stats
  • This quiz has been taken 3 times
  • The average score is 8 of 22
Answer Stats
question Answer % Correct
monkeykey's favorite food banana
100%
monkeykey's favorite animal monkey
67%
monkeykey's favorite movie the monkey
67%
number of pieces 3
33%
monkeykey's favorite dessert banana bread
33%
monkeykey's favorite drink banana gin
33%
monkeykey's colour beige
33%
monkeykey's job chef
33%
monkeykey's favorite video game donkeykong
33%
monkeykey's favorite restaurant el mono feliz
33%
monkeykey's bestfriend hippipi
33%
monkeykey's favorite application kinder app
33%
monkeykey's favorite singer ladygaga
33%
monkeykey's son monkoukou
33%
monkeykey's language ougaaga
33%
monkeykey's favorite song radiogaga
33%
monkeykey's car skate
33%
monkeykey's favorite sport tree to tree
33%
monkeykey's favorite colour yellow
33%
monkeykey's favorite tv show georges the monkey
0%
monkeykey's favorite toy monkeykette
0%
monkeykey's phobia monkey meat
0%
No matching quizzes found
Score Distribution
Percent of People with Each Score
Percentile by Number Answered
Your Score History
You have not taken this quiz